| 000 | 01060nam a2200313 c 4500 | ||
|---|---|---|---|
| 003 | BLK | ||
| 005 | 20180422100618.0 | ||
| 008 | 180408b bul|||||r ||||||| ||bul|| | ||
| 010 | _aKNG00041961000 | ||
| 020 |
_a0-07-041842-X _bиздат.: McGraw-Hill |
||
| 040 | _aBLK | ||
| 041 |
_aENG _cENG |
||
| 080 |
_aСчетоводство. Счетоводни системи и операции, водене на сметките, журнал-ордер и др. _b657 _x _z657 |
||
| 100 | 1 |
_aMeigs, Robert F. _eпърви автор _9367469 |
|
| 139 |
_aMeigs, Robert F. _bM 50 |
||
| 245 | 1 | 0 |
_aFinancial accounting _cRobert F. Meigs. |
| 250 | _a6. ed | ||
| 257 | _aUSA | ||
| 260 |
_аNew York et al. _bMcGraw-Hill _c1989 |
||
| 300 |
_aXXVII, 736 c _bс табл., ил. _c24 см _eработна тетрадка |
||
| 380 | _a62 | ||
| 650 | 4 |
_aСчетоводство _9172827 |
|
| 653 | _aсчетоводство | ||
| 852 | _aЦб 174777 | ||
| 856 | 4 |
_qpdf _u |
|
| 856 | 4 |
_qpdf _u |
|
| 942 |
_cKNG _n0 |
||
| 944 |
_aCR _c15.01.2003 _kКети_Илиева |
||
| 944 |
_aED _c29.04.2004 _k |
||
| 999 |
_c38734 _d38734 |
||